[Event "EU-ch U20 Girls 3rd"]
[Site "Kula"]
[Date "1979.??.??"]
[Round "9"]
[White "Grek, Jadranka"]
[Black "Wiese Jozwiak, Malgorzata"]
[Result "0-1"]
[WhiteElo "1945"]
[BlackElo "2070"]
[PlyCount "96"]
[EventDate "1979.??.??"]
[EventType "swiss"]
[EventCountry "YUG"]
[SourceTitle "EXT 2022"]
[Source "ChessBase"]
[SourceDate "2021.10.06"]
[SourceVersion "1"]
[SourceVersionDate "2021.10.06"]
[SourceQuality "1"]

1. Nf3 d5 2. g3 Nf6 3. Bg2 Bf5 4. d3 e6 5. Nbd2 h6 6. 0-0 Be7 7. Re1 Bh7 8. c3 0-0 9. Nh4 c5 10. e4 Nc6 11. f4 Qb6 12. Kh1 Rad8 13. Qe2 Rfe8 14. h3 Qc7 15. e5 Nd7 16. Nhf3 b5 17. g4 b4 18. Nf1 bxc3 19. bxc3 Qa5 20. Bd2 Qa6 21. d4 Qxe2 22. Rxe2 Be4 23. Be3 cxd4 24. cxd4 Nb4 25. Ng3 Bd3 26. Rb2 Nb6 27. Bd2 a5 28. Bxb4 axb4 29. Ne1 Bc4 30. Bf1 Ra8 31. Nd3 b3 32. Nc5 Bxc5 33. dxc5 Na4 34. axb3 Nxb2 35. Rxa8 Rxa8 36. bxc4 Nxc4 37. Bxc4 dxc4 38. Ne4 Kf8 39. Kg2 Ke7 40. Kf2 Ra3 41. h4 Kd7 42. f5 exf5 43. gxf5 c3 44. Ke2 c2 45. Kd2 Re3 46. Nd6 Rxe5 47. Nxf7 Rxc5 48. Kc1 Rxf5 0-1